[Event "Master Brazil"]
[Site "http://www.queenalice.com/game.php?id=947609"]
[Date "2011.6.8"]
[Round "-"]
[White "PitBullLoko"]
[Black "Murderface"]
[Result "0-1"]
[WhiteElo "1413"]
[BlackElo "2049"]

1. e4 c6 2. e5 d5 3. d4 Bf5 4. Nf3 e6 5. Be2 Nd7 6. O-O a6 7. a3 c5 8. Nc3 cxd4
9. Nxd4 Bg6 10. Bh5 Nxe5 11. Re1 Qc7 12. Bf4 Bd6 13. Nxe6 fxe6 14. Qe2 d4 15.
Nb5 axb5 16. Qxb5+ Qc6 17. Bxg6+ hxg6 18. Qxc6+ bxc6 19. Bxe5 Bxe5 20. Rxe5 Kd7
21. c4 Nf6 22. h3 Rh5 23. Rae1 Rxe5 24. Rxe5 Kd6 25. Rg5 Ra7 26. Rxg6 Rb7 27. b4
Ke5 28. Rg5+ Ke4 29. f3+ Kd3 30. Kf2 Kxc4 31. Rc5+ Kb3 32. Rxc6 Rd7 33. b5 d3
34. b6 d2 35. Rc7 d1=Q 36. b7 Rd2+ 37. Kg3 Qe1+ 38. Kf4 Rd4+ 39. Kg5 Qg3# 0-1

[Event "Master Brazil 2"]
[Site "http://www.queenalice.com/game.php?id=947610"]
[Date "2011.6.8"]
[Round "-"]
[White "Murderface"]
[Black "PitBullLoko"]
[Result "1-0"]
[WhiteElo "2047"]
[BlackElo "1413"]

1. e4 e5 2. d4 exd4 3. c3 dxc3 4. Bc4 cxb2 5. Bxb2 Bb4+ 6. Nc3 Nf6 7. Bxf7+ Kxf7
8. Qb3+ d5 9. Qxb4 Nc6 10. Qb3 Re8 11. Nf3 b6 12. O-O Be6 13. Ng5+ Kg8 14. Nxe6
Rxe6 15. Rad1 Ne7 16. exd5 Rd6 17. Rfe1 Nexd5 18. Re5 c6 19. g4 h6 20. h4 Kh7
21. Rde1 Qd7 22. Qc2+ Kh8 23. f3 Nf4 24. Ne4 Nh3+ 25. Kh2 Nxg4+ 26. fxg4 Qxg4
27. Nxd6 Qd7 28. Re8+ Rxe8 29. Rxe8+ Qxe8 30. Nxe8 Nf4 31. Bxg7+ Kg8 32. Qc4+
Kh7 33. Qxf4 h5 34. Qf5+ Kg8 35. Qg6 a5 36. Bh6+ Kh8 37. Qg7# 1-0

[Event "Let's Play Chess!"]
[Site "http://www.queenalice.com/game.php?id=950245"]
[Date "2011.6.21"]
[Round "-"]
[White "Murderface"]
[Black "Mamonas"]
[Result "0-1"]
[WhiteElo "2061"]
[BlackElo "1733"]

1. e4 c5 2. Nf3 d6 3. d4 cxd4 4. Nxd4 Nf6 5. Nc3 a6 6. Be2 e5 7. Nb3 Be7 8. O-O
O-O 9. f4 b5 10. a3 Qb6+ 11. Kh1 Be6 12. h3 Nbd7 13. Rf3 Bxb3 14. cxb3 Qb7 15.
Bd3 Nc5 16. fxe5 dxe5 17. Bg5 Qa7 18. Bxf6 Bxf6 19. Nd5 Bg5 20. Rg3 h6 21. b4
Nxd3 22. Qxd3 Rfc8 23. Qf3 Rc2 0-1

[Event "Let's Play Chess!"]
[Site "http://www.queenalice.com/game.php?id=953213"]
[Date "2011.6.23"]
[Round "-"]
[White "charles31"]
[Black "Murderface"]
[Result "0-1"]
[WhiteElo "1857"]
[BlackElo "2048"]

1. Nc3 c6 2. Nf3 d5 3. d4 Bf5 4. e4 dxe4 5. Ne5 Nf6 6. Bc4 e6 7. Bg5 Be7 8. Bxf6
Bxf6 9. Qe2 Qxd4 10. Nxf7 Kxf7 11. Rd1 Qc5 12. Nxe4 Bxe4 13. Qxe4 Qe5 14. Qxe5
Bxe5 15. O-O b5 16. Bb3 Bxb2 17. Rfe1 Re8 18. Rd6 Ba3 19. Bxe6+ Kf8 20. Rd3 Be7
21. Rf3+ Bf6 22. g4 h6 23. h4 Nd7 24. Kf1 Nc5 25. Bf5 Rxe1+ 26. Kxe1 Re8+ 27.
Kd2 Rd8+ 28. Ke2 Ke7 29. Re3+ Kd6 30. f4 Bxh4 31. Kf3 a5 32. Re2 a4 33. c3 Kd5
34. Rd2+ Kc4 35. Rc2 Be1 36. Bg6 Bxc3 37. Ke3 b4 38. a3 Kb3 39. axb4 Kxb4 40.
Bf7 Nb3 41. g5 hxg5 42. fxg5 c5 43. g6 a3 44. Ke4 Rd2 45. Rxd2 Bxd2 46. Kd3 a2
0-1

[Event "Let's Play Chess!"]
[Site "http://www.queenalice.com/game.php?id=953214"]
[Date "2011.6.23"]
[Round "-"]
[White "Murderface"]
[Black "charles31"]
[Result "1-0"]
[WhiteElo "2053"]
[BlackElo "1853"]

1. e4 e5 2. d4 exd4 3. c3 dxc3 4. Bc4 cxb2 5. Bxb2 Bb4+ 6. Nc3 Qe7 7. Qc2 d6 8.
Ne2 Bg4 9. O-O Nc6 10. Nd5 Qg5 11. Nxc7+ Kd7 12. Nxa8 Nge7 13. Rad1 Rxa8 14. f4
Qc5+ 15. Kh1 b5 16. a3 Ba5 17. Be6+ Kxe6 18. f5+ Kd7 19. Qxc5 Bxe2 20. Rxd6+ Kc7
21. Be5 Kb7 22. Rd7+ Kc8 23. Rxe7 1-0

[Event "Challenge"]
[Site "http://www.queenalice.com/game.php?id=953761"]
[Date "2011.6.25"]
[Round "-"]
[White "reilucas"]
[Black "Murderface"]
[Result "0-1"]
[WhiteElo "1297"]
[BlackElo "2085"]

1. e4 c6 2. Bc4 d5 3. exd5 cxd5 4. Bb3 Bf5 5. d4 e6 6. g4 Bg6 7. Nf3 Nf6 8. Ne5
Be7 9. Ba4+ Nbd7 10. Bxd7+ Nxd7 0-1

[Event "Let's Play Chess!"]
[Site "http://www.queenalice.com/game.php?id=957254"]
[Date "2011.7.6"]
[Round "-"]
[White "dnptrs"]
[Black "Murderface"]
[Result "1/2-1/2"]
[WhiteElo "2110"]
[BlackElo "2075"]

1. d4 c6 2. Nf3 d5 3. g3 Bg4 4. Bg2 Bxf3 5. exf3 e6 6. f4 Nf6 7. O-O g6 8. c4
Bg7 9. c5 O-O 10. Nd2 a5 11. Nf3 Nbd7 12. Bd2 b6 13. Qc2 bxc5 14. dxc5 Ne4 15.
Be3 Qb8 16. Rab1 Qb5 17. Rfc1 Rfb8 18. Nd4 Qxc5 19. Qxc5 Nexc5 20. Nxc6 Rxb2 21.
Bxc5 Rxb1 22. Rxb1 Nxc5 23. Rb5 Bf8 24. Nxa5 Ra7 25. Nb3 Nxb3 26. axb3 Ra1+ 27.
Bf1 Rb1 28. Kg2 Kg7 29. g4 Ba3 30. f5 Bc1 31. fxe6 fxe6 32. h4 1/2-1/2

[Event "Let's Play Chess!"]
[Site "http://www.queenalice.com/game.php?id=957255"]
[Date "2011.7.6"]
[Round "-"]
[White "Murderface"]
[Black "dnptrs"]
[Result "1-0"]
[WhiteElo "2056"]
[BlackElo "2124"]

1. e4 c5 2. Nf3 e6 3. d4 cxd4 4. Nxd4 Nf6 5. Nc3 Nc6 6. Be3 d6 7. Be2 Be7 8. O-O
O-O 9. f4 d5 10. exd5 exd5 11. f5 Nxd4 12. Bxd4 Bd7 13. Rf3 Rc8 14. Bd3 Bc5 15.
Bxc5 Rxc5 16. Kh1 Qb8 17. Qd2 Ng4 18. Rg3 h5 19. Qg5 d4 20. Qxh5 Nf2+ 21. Kg1
dxc3 22. Rxg7+ Kxg7 23. Qg5+ Kh8 24. Qh6+ 1-0

[Event "Let's Play Chess!"]
[Site "http://www.queenalice.com/game.php?id=957654"]
[Date "2011.7.6"]
[Round "-"]
[White "Murderface"]
[Black "Jbeele"]
[Result "1-0"]
[WhiteElo "2101"]
[BlackElo "1991"]

1. e4 e6 2. d4 d5 3. exd5 exd5 4. c4 Nf6 5. Nf3 Bd6 6. c5 Be7 7. Bd3 O-O 8. O-O
b6 9. b4 Nc6 10. a3 a5 11. b5 Na7 12. c6 Be6 13. Nc3 Nc8 14. Ng5 Bg4 15. Qc2 1-0

[Event "Let's Play Chess!"]
[Site "http://www.queenalice.com/game.php?id=957655"]
[Date "2011.7.6"]
[Round "-"]
[White "Jbeele"]
[Black "Murderface"]
[Result "0-1"]
[WhiteElo "1968"]
[BlackElo "2110"]

1. e4 c6 2. d4 d5 3. e5 Bf5 4. Nc3 e6 5. g4 Bg6 6. Nge2 Be7 7. Nf4 Nd7 8. Nxg6
hxg6 9. Qd3 Nh6 10. Be2 a6 11. Be3 c5 12. O-O-O b5 13. a3 b4 14. axb4 cxb4 15.
Na4 Qc7 0-1

[Event "Let's Play Chess!"]
[Site "http://www.queenalice.com/game.php?id=957875"]
[Date "2011.7.8"]
[Round "-"]
[White "Murderface"]
[Black "Mamonas"]
[Result "0-1"]
[WhiteElo "2118"]
[BlackElo "1955"]

1. e4 e5 2. d4 exd4 3. c3 dxc3 4. Bc4 cxb2 5. Bxb2 d5 6. Bxd5 Bb4+ 7. Nc3 Bxc3+
8. Bxc3 Nf6 9. Nf3 c6 10. Bxf7+ Kxf7 11. Qb3+ Ke8 12. e5 Nd5 13. Bd4 Qa5+ 14.
Nd2 Nf4 15. Qg3 Rf8 16. Qb3 Qd8 17. Qc3 Nxg2+ 18. Kd1 Bg4+ 19. Kc1 Nf4 20. Kb2
Ne2 21. Qb4 Na6 22. Qc4 Nxd4 23. Ne4 Be2 0-1

[Event "Let's Play Chess!"]
[Site "http://www.queenalice.com/game.php?id=957879"]
[Date "2011.7.8"]
[Round "-"]
[White "Mamonas"]
[Black "Murderface"]
[Result "1-0"]
[WhiteElo "2017"]
[BlackElo "2118"]

1. Nc3 c6 2. e4 d5 3. Nf3 Bg4 4. h3 Bxf3 5. Qxf3 dxe4 6. Nxe4 e6 7. Be2 Be7 8.
Qg3 g6 9. Qb3 b6 10. d3 Nf6 11. Qc3 O-O 12. Bh6 Re8 13. g4 e5 14. O-O-O Qd4 15.
g5 Nxe4 16. Qxd4 exd4 17. dxe4 c5 18. Bb5 Rd8 19. Kb1 a6 20. Be2 Nd7 21. h4 b5
22. h5 Nb6 23. Rh3 Rd6 24. hxg6 fxg6 25. f4 Nc4 26. Bxc4+ bxc4 27. f5 Rb8 28. f6
Bd8 29. Rf1 Kf7 30. Bg7 Rdb6 31. b3 cxb3 32. cxb3 c4 33. Rxh7 cxb3 34. Bh6+ Ke6
35. f7 bxa2+ 36. Kxa2 Rb2+ 37. Ka1 Be7 38. Rg7 Bf8 39. Rxg6+ Kd7 40. Bxf8 R2b5
41. Ba3 1-0

[Event "AUTO-OPEN-2408"]
[Site "http://www.queenalice.com/game.php?id=958055"]
[Date "2011.7.8"]
[Round "1"]
[White "niclep"]
[Black "Murderface"]
[Result "0-1"]
[WhiteElo "2051"]
[BlackElo "2107"]

1. e4 c6 2. d4 d5 3. e5 Bf5 4. a3 e6 5. Nf3 a6 6. h3 Nd7 7. Bd3 Bxd3 8. Qxd3 c5
9. c3 b5 10. O-O Nh6 11. Bxh6 gxh6 12. Nbd2 Bg7 13. Nh2 O-O 14. f4 Rc8 15. Rac1
cxd4 16. cxd4 Qb6 17. Ng4 h5 18. Ne3 f6 19. Rxc8 Rxc8 20. Nf3 fxe5 21. fxe5 Rf8
22. h4 Bh6 23. g3 Rf7 24. Kh2 Nf8 25. Ng1 Bxe3 26. Rxf7 Bxg1+ 27. Kxg1 Kxf7 28.
Kg2 Ng6 29. Qf3+ Ke8 30. Qe3 Ne7 31. Qd3 Nf5 32. Qd1 Qxd4 33. Qxh5+ Kd8 34. Qe2
Ne3+ 35. Kf3 Nc4 36. Qc2 Nxe5+ 37. Kg2 Ng4 38. Qe2 e5 39. b4 h5 40. Qf3 Qd2+ 41.
Kg1 Ke7 42. Qf5 Qd4+ 43. Kh1 Qd1+ 44. Kg2 Ne3+ 0-1

[Event "AUTO-OPEN-2408"]
[Site "http://www.queenalice.com/game.php?id=958056"]
[Date "2011.7.8"]
[Round "1"]
[White "Murderface"]
[Black "niclep"]
[Result "1-0"]
[WhiteElo "2106"]
[BlackElo "2057"]

1. e4 e5 2. d4 exd4 3. c3 dxc3 4. Nxc3 d6 5. Bc4 Be7 6. Nf3 c5 7. O-O h6 8. Re1
Nc6 9. e5 dxe5 10. Qb3 Na5 11. Bxf7+ Kf8 12. Qc2 Bf6 13. Bh5 Nc6 14. Qb3 Qd7 15.
Bf4 Qe7 16. Nxe5 Be6 17. Ng6+ 1-0

[Event "AUTO-OPEN-2408"]
[Site "http://www.queenalice.com/game.php?id=958099"]
[Date "2011.7.8"]
[Round "1"]
[White "Murderface"]
[Black "razoman"]
[Result "1/2-1/2"]
[WhiteElo "2103"]
[BlackElo "1956"]

1. e4 c5 2. Nf3 Nc6 3. d4 cxd4 4. Nxd4 a6 5. c4 d6 6. Nc3 e5 7. Nb3 h6 8. Be2
Nf6 9. O-O Be7 10. Be3 Be6 11. f4 O-O 12. f5 Bd7 13. g4 Nh7 14. Rf2 Bh4 15. Rg2
Ng5 16. Qxd6 Nh3+ 17. Kf1 Be7 18. Qd2 Bg5 19. Rd1 Bxe3 20. Qxe3 Nf4 21. Nc5 Nd4
22. Rg3 Bc6 23. Nd3 Nfxe2 24. Nxe2 Qf6 25. Nb4 Rad8 26. Nd5 Bxd5 27. cxd5 Qb6
28. Nxd4 Qxb2 29. Nf3 Qxa2 30. g5 h5 31. Rd2 Qa1+ 32. Kg2 Rd6 33. Rh3 g6 34.
Rxh5 gxh5 35. g6 fxg6 36. Qh6 Qc3 37. Rf2 Rff6 38. Ng5 Qc7 39. Ne6 Qf7 40. Rc2
Rdxe6 41. dxe6 Qf8 42. Qxf8+ Kxf8 43. Rc8+ Ke7 44. Rc7+ Ke8 45. Rc8+ 1/2-1/2

[Event "AUTO-OPEN-2408"]
[Site "http://www.queenalice.com/game.php?id=958100"]
[Date "2011.7.8"]
[Round "1"]
[White "razoman"]
[Black "Murderface"]
[Result "0-1"]
[WhiteElo "1942"]
[BlackElo "2099"]

1. d4 c6 2. e4 d5 3. e5 Bf5 4. Bd3 Bxd3 5. Qxd3 e6 6. Nf3 Nd7 7. Be3 a6 8. O-O
c5 9. c3 cxd4 10. cxd4 Ne7 11. Bg5 b5 12. Nbd2 Qb6 13. Rac1 Nc6 14. a3 Be7 15.
Nb3 f6 16. exf6 gxf6 17. Be3 Kf7 18. Nc5 Nxc5 19. dxc5 Qc7 20. b4 Rag8 21. Rfe1
Rg6 22. Nh4 Ne5 23. Qc3 Rg4 24. g3 Rhg8 25. Kf1 Rxh4 26. gxh4 Nf3 27. Red1 Qxh2
28. c6 Ne5 29. c7 Nc4 30. c8=Q Rxc8 31. Ke2 a5 32. Rh1 axb4 33. axb4 Qg2 34.
Rhg1 Qe4 35. Rg3 Nd6 36. Qe1 Rxc1 37. Qxc1 d4 38. Qg1 dxe3 39. fxe3 Nf5 40. Rg8
Bxb4 41. Rc8 Nd4+ 42. Kf1 Qd3+ 43. Kg2 Nf5 44. Kh3 Qxe3+ 45. Qxe3 Nxe3 46. Rb8
Nd5 47. Rxb5 f5 48. Rb7+ Kg6 49. h5+ Kxh5 50. Rxh7+ Kg5 51. Rb7 f4 52. Rg7+ Kf5
53. Kg2 Ke4 54. Kf2 e5 55. Rd7 Bc5+ 0-1

[Event "Let's Play Chess!"]
[Site "http://www.queenalice.com/game.php?id=965504"]
[Date "2011.7.28"]
[Round "-"]
[White "P17"]
[Black "Murderface"]
[Result "1-0"]
[WhiteElo "2179"]
[BlackElo "2117"]

1. f4 c6 2. Nf3 d5 3. e3 Bf5 4. Be2 e6 5. O-O Nf6 6. d3 Be7 7. Nc3 O-O 8. Nh4
Bg6 9. Nxg6 hxg6 10. e4 dxe4 11. dxe4 Qb6+ 12. Kh1 Nbd7 13. Qe1 Bb4 14. Bf3 Rfd8
15. Be3 Qa5 16. Bd2 Qc5 17. a3 Bxc3 18. Bxc3 1-0

[Event "Challenge"]
[Site "http://www.queenalice.com/game.php?id=991516"]
[Date "2011.9.30"]
[Round "-"]
[White "pajabraba69"]
[Black "Murderface"]
[Result "1-0"]
[WhiteElo "2067"]
[BlackElo "2109"]

1. e4 c6 2. d4 d5 3. Nd2 dxe4 4. Nxe4 Bf5 5. Ng3 Bg6 6. Nh3 h6 7. Bc4 e6 8. Qe2
Nf6 9. Nf4 Bh7 10. O-O Qxd4 11. Rd1 Qb6 12. Nxe6 Nbd7 13. Nc7+ Kd8 14. Nxa8 Qa5
15. Bf4 Kc8 16. Bc7 b6 17. Ba6+ 1-0